00538pab a2200157 454500008004000000100002500040245012100065260000900186300001100195362000900206650001400215773002400229909000900253999001500262952010300277180718b1990 xxu||||| |||| 00| 0 eng d aBrown, D. and others aComputers and QDA (Qualitative data Analysis) - can they help it ? a report on a qualitative data analysis programme c1990 a134-50 aFeb. aComputers aSociological Review a6614 c6614d6614 00104070aIIPAbIIPAd2018-07-19hVolume no: 38, Issue no: 1pAR6624r2018-07-19w2018-07-19yAR